000
00387nam a2200133Ia 4500
008
151001s9999||||xx |||||||||||||| ||und||
100
_a
महावीरप्रसाद द्विवेदी
245
_a
अतीत के झरोखे
250
_a
1
260
_b
अनुराग प्रकाशन
260
_c
2006
300
_a
94
365
_b
21
999
_c
990594
_d
990591